| 000 | 00612nam#a22002415a#4500 | ||
|---|---|---|---|
| 001 | 356 | ||
| 008 | 060814s1976####ag#a###d#bi###001#0|spa|d | ||
| 245 | 1 | 0 |
_aFísica - Química : _btercer año de ciclo básico y comercial / _cFrancisco Rivero. |
| 250 | _a5ª ed. | ||
| 260 |
_aBuenos Aires : _bStella, _c1976. |
||
| 300 |
_a273 p. : _bil. ; _c19 cm. |
||
| 100 | 1 | _aRivero, Francisco. | |
| 080 | _a53:54 | ||
| 084 | _aR68 | ||
| 653 | _aAcción | ||
| 653 | _aReacción | ||
| 653 | _aBalanza | ||
| 653 | _aDifusión | ||
| 040 |
_aAR-ClEAG _cAR-ClEAG |
||
| 005 | 20241107184633.0 | ||
| 003 | AR-ClEAG | ||
| 942 | _cBK | ||
| 999 |
_c356 _d356 |
||
| 980 |
_62 _aEvangelina Gallicchio _82 _gEvangelina Gallicchio |
||